[Event "Southend op 59th"]
[Site "Southend"]
[Date "2015.04.04"]
[Round "3"]
[White "Aravind, Subramanian N"]
[Black "Spence, David"]
[Result "0-1"]
[WhiteElo "2107"]
[BlackElo "2230"]
[PlyCount "120"]
[EventDate "2015.04.03"]
[EventType "swiss"]
[EventRounds "7"]
[EventCountry "ENG"]
[SourceTitle "EXT 2017"]
[Source "ChessBase"]
[SourceDate "2016.10.25"]
[SourceVersion "1"]
[SourceVersionDate "2016.10.25"]
[SourceQuality "1"]

1. c4 c5 2. Nc3 Nc6 3. g3 g6 4. Bg2 Bg7 5. Nf3 e5 6. 0-0 Nge7 7. a3 0-0 8. Rb1 a5 9. Ne1 d6 10. Nc2 Be6 11. Ne3 Rb8 12. Ned5 b5 13. Nxe7+ Nxe7 14. cxb5 d5 15. d3 d4 16. Ne4 Rxb5 17. Qa4 Qb8 18. Nd6 Rb3 19. Nc4 Qb5 20. Qxb5 Rxb5 21. Bd2 a4 22. Nd6 Rb6 23. Ne4 Rc8 24. Ba5 Ra6 25. Bd2 f5 26. Ng5 Bd5 27. Bxd5+ Nxd5 28. e4 dxe3 29. fxe3 h6 30. e4 hxg5 31. exd5 g4 32. b4 axb3 33. Rxb3 Rd6 34. Rc1 Rxd5 35. Be3 Rc7 36. Rc4 Kf7 37. a4 Bf8 38. Kf2 Be7 39. a5 g5 40. a6 f4 41. Bc1 Ra7 42. gxf4 gxf4 43. Rb6 Rd6 44. Rxd6 Bxd6 45. Ra4 Ke6 46. Bb2 Kd5 47. Kg2 Kc6 48. Re4 Re7 49. a7 Rxa7 50. Bxe5 Re7 51. Rxf4 Rxe5 52. Rxg4 Re3 53. d4 c4 54. Kf2 Rh3 55. Ke2 Kd5 56. Kd2 Bb4+ 57. Kc2 Rxh2+ 58. Kc1 Ba3+ 59. Kd1 c3 60. Rg5+ Kc4 0-1

[Event "Southend op 59th"]
[Site "Southend"]
[Date "2015.04.04"]
[Round "4"]
[White "Iyengar, Ilya"]
[Black "Aravind, Subramanian N"]
[Result "0-1"]
[WhiteElo "2025"]
[BlackElo "2107"]
[PlyCount "108"]
[EventDate "2015.04.03"]
[EventType "swiss"]
[EventRounds "7"]
[EventCountry "ENG"]
[SourceTitle "EXT 2017"]
[Source "ChessBase"]
[SourceDate "2016.10.25"]
[SourceVersion "1"]
[SourceVersionDate "2016.10.25"]
[SourceQuality "1"]

1. d4 Nf6 2. Nf3 g6 3. g3 Bg7 4. Bg2 0-0 5. 0-0 d6 6. c4 Nc6 7. Nc3 a6 8. d5 Na5 9. Nd2 c5 10. Qc2 Rb8 11. b3 b5 12. Bb2 Nd7 13. Nd1 Bxb2 14. Nxb2 Nb6 15. f4 e6 16. e4 bxc4 17. bxc4 Bd7 18. Rae1 exd5 19. cxd5 Bb5 20. Rf3 Qc7 21. f5 Rfe8 22. a4 Bd7 23. Ref1 g5 24. f6 Bg4 25. Rc3 Nd7 26. h3 Bh5 27. Rf5 h6 28. h4 Bg6 29. Rf1 Ne5 30. hxg5 hxg5 31. Nf3 Qb6 32. Nxe5 Rxe5 33. Nd1 c4+ 34. Nf2 Rbe8 35. Qd1 g4 36. Qxg4 Qd4 37. Qh3 Rh5 38. Qd7 Rf8 39. Rfc1 Qxf6 40. R1c2 Rg5 41. Qc7 Nb3 42. Qxc4 Nc5 43. Rf3 Qg7 44. Qc3 Nxe4 45. Qxg7+ Kxg7 46. Rc6 Rb8 47. Nh3 Rxd5 48. Rxa6 Rb2 49. Nf4 Rd1+ 50. Rf1 Rdd2 51. Ra7 Nxg3 52. Rf3 Nf5 53. Nxg6 Rxg2+ 54. Kf1 Kxg6 0-1

[Event "London Golders Green op U2200 5th"]
[Site "London"]
[Date "2015.01.17"]
[Round "3"]
[White "Aravind, Subramanian N"]
[Black "Serbanescu, Diana Maria"]
[Result "0-1"]
[WhiteElo "2111"]
[BlackElo "1979"]
[PlyCount "104"]
[EventDate "2015.01.17"]
[EventType "swiss"]
[EventRounds "5"]
[EventCountry "ENG"]
[SourceTitle "EXT 2018"]
[Source "ChessBase"]
[SourceDate "2017.10.13"]
[SourceVersion "1"]
[SourceVersionDate "2017.10.13"]
[SourceQuality "1"]

1. c4 e5 2. Nc3 Nf6 3. g3 Bb4 4. Bg2 Bxc3 5. bxc3 0-0 6. d3 d6 7. e4 Nbd7 8. Ne2 Re8 9. 0-0 Nc5 10. h3 Bd7 11. Be3 Ba4 12. Qd2 Ncd7 13. Rab1 Bc6 14. f4 a6 15. g4 Qc8 16. g5 Nh5 17. f5 b5 18. cxb5 axb5 19. Bf3 Nf4 20. Bxf4 exf4 21. Nd4 Bb7 22. Nxb5 Ne5 23. Bg2 f3 24. Bxf3 Nxf3+ 25. Rxf3 d5 26. e5 Rxe5 27. Rbf1 d4 28. Nxd4 Bxf3 29. Rxf3 c5 30. Qf4 Re1+ 31. Kf2 cxd4 32. Kxe1 dxc3 33. Qc4 Qb7 34. Re3 Qh1+ 35. Kf2 c2 36. Re7 Qh2+ 37. Ke3 Qg3+ 38. Ke2 Qg2+ 39. Ke1 Qg1+ 40. Ke2 c1N+ 41. Kd2 Qxg5+ 42. Re3 Nxa2 43. h4 Qxf5 44. Qc6 Qf2+ 45. Re2 Qf4+ 46. Kd1 Qa4+ 47. Qxa4 Nc3+ 48. Kc2 Nxa4 49. d4 Kf8 50. Kb3 Nb6 51. Re5 Rd8 52. Kc3 g6 0-1

[Event "New Delhi Parsvnath op 9th"]
[Site "New Delhi"]
[Date "2011.01.09"]
[Round "3"]
[White "Joshi, Deergha Raj"]
[Black "Aravind, Subramanian N"]
[Result "0-1"]
[WhiteElo "1921"]
[BlackElo "2099"]
[PlyCount "78"]
[EventDate "2011.01.08"]
[EventType "swiss"]
[EventRounds "11"]
[EventCountry "IND"]
[SourceTitle "CBM 140 Extra"]
[Source "ChessBase"]
[SourceDate "2011.03.01"]
[SourceVersion "1"]
[SourceVersionDate "2011.03.01"]
[SourceQuality "1"]

1. e4 c6 2. d4 d5 3. Nc3 dxe4 4. Nxe4 Nf6 5. Ng3 h5 6. h4 Qc7 7. Nf3 Bg4 8. Bd2 e6 9. Bd3 Nbd7 10. Qe2 0-0-0 11. 0-0-0 Bd6 12. Ne4 Nxe4 13. Bxe4 Rhe8 14. Qc4 Nf6 15. Bd3 Bf4 16. c3 Bxd2+ 17. Rxd2 Bxf3 18. gxf3 Qf4 19. Be2 e5 20. Qd3 exd4 21. cxd4 c5 22. Qc4 Kb8 23. Kd1 Rxd4 24. Rxd4 cxd4 25. Qd3 Nd5 26. Qd2 Qxd2+ 27. Kxd2 Nf6 28. Bd1 Kc7 29. Rg1 g6 30. Rg5 Kd6 31. b4 Re5 32. Rg1 b6 33. a3 a5 34. bxa5 Rxa5 35. a4 Re5 36. Rf1 Kc5 37. Rg1 Kc4 38. Rf1 d3 39. Rg1 Kd4 0-1

[Event "New Delhi Parsvnath op 8th"]
[Site "New Delhi"]
[Date "2010.01.20"]
[Round "9"]
[White "Aravind, Subramanian N"]
[Black "Gokhale, Chandrashekhar"]
[Result "0-1"]
[WhiteElo "2103"]
[BlackElo "2271"]
[PlyCount "70"]
[EventDate "2010.01.14"]
[EventType "swiss"]
[EventRounds "11"]
[EventCountry "IND"]
[SourceTitle "CBM 134 Extra"]
[Source "ChessBase"]
[SourceDate "2010.03.03"]
[SourceVersion "1"]
[SourceVersionDate "2010.03.03"]
[SourceQuality "1"]

1. c4 e6 2. Nf3 Nf6 3. g3 d5 4. Bg2 d4 5. d3 Be7 6. 0-0 0-0 7. e3 Nc6 8. exd4 Nxd4 9. Re1 Nxf3+ 10. Bxf3 Bc5 11. Nc3 c6 12. Bg5 Bd4 13. Qc2 h6 14. Bf4 Qb6 15. Na4 Qa5 16. Be3 Rd8 17. Nc3 Qf5 18. Be4 Qh5 19. Bxd4 Rxd4 20. Ne2 Rd8 21. Nf4 Qc5 22. Bg2 e5 23. Ne2 Bf5 24. Rad1 Rd7 25. h3 Nh7 26. g4 Bg6 27. Qc3 Rad8 28. b4 Qb6 29. Nc1 f6 30. c5 Qc7 31. h4 Nf8 32. Be4 Rd4 33. Ne2 Bxe4 34. dxe4 Rxd1 35. Qb3+ Qf7 0-1

[Event "New Delhi Parsvnath op 8th"]
[Site "New Delhi"]
[Date "2010.01.16"]
[Round "4"]
[White "Murali Krishnan, BT."]
[Black "Aravind, Subramanian N"]
[Result "1-0"]
[WhiteElo "2385"]
[BlackElo "2103"]
[PlyCount "89"]
[EventDate "2010.01.14"]
[EventType "swiss"]
[EventRounds "11"]
[EventCountry "IND"]
[SourceTitle "CBM 134 Extra"]
[Source "ChessBase"]
[SourceDate "2010.03.03"]
[SourceVersion "1"]
[SourceVersionDate "2010.03.03"]
[SourceQuality "1"]

1. d4 Nf6 2. c4 g6 3. Nc3 Bg7 4. e4 d6 5. f3 0-0 6. Be3 e5 7. Nge2 c6 8. Qd2 Nbd7 9. 0-0-0 a6 10. Kb1 b5 11. Nc1 exd4 12. Bxd4 Re8 13. Bf2 Bf8 14. Nb3 Qc7 15. Rc1 b4 16. Nd1 Ne5 17. Bh4 Bg7 18. Qxb4 a5 19. Qd2 a4 20. Nd4 Nfd7 21. Be2 Nc5 22. Ne3 Rb8 23. Rc2 Ba6 24. Rd1 a3 25. b3 Ned3 26. Nb5 Bxb5 27. cxb5 Rxb5 28. Bxd3 Nxb3 29. axb3 Rxb3+ 30. Ka2 Reb8 31. Nc4 d5 32. Bg3 Qa7 33. Bxb8 Qxb8 34. exd5 cxd5 35. Nxa3 Bf8 36. Nb5 Rb4 37. Rb2 Ra4+ 38. Kb1 Bg7 39. Nc3 Rb4 40. Rxb4 Qxb4+ 41. Kc2 d4 42. Na2 Qa4+ 43. Kb2 Bf8 44. Qc2 Qa3+ 45. Kb1 1-0

[Event "New Delhi Parsvnath op 7th"]
[Site "New Delhi"]
[Date "2009.01.18"]
[Round "9"]
[White "Aravind, Subramanian N"]
[Black "Ramakrishna, J."]
[Result "0-1"]
[WhiteElo "2103"]
[BlackElo "2298"]
[PlyCount "88"]
[EventDate "2009.01.11"]
[EventType "swiss"]
[EventRounds "10"]
[EventCountry "IND"]
[SourceTitle "CBM 128 Extra"]
[Source "ChessBase"]
[SourceDate "2009.03.05"]
[SourceVersion "2"]
[SourceVersionDate "2009.03.25"]
[SourceQuality "1"]

1. Nf3 c5 2. c4 Nc6 3. Nc3 g6 4. g3 Bg7 5. Bg2 d6 6. 0-0 e5 7. d3 Nge7 8. Rb1 f5 9. a3 0-0 10. Ne1 Be6 11. Nd5 Qd7 12. Nc2 f4 13. b4 Nf5 14. b5 Ncd4 15. Nxd4 Nxd4 16. Bb2 Bh3 17. Bxd4 cxd4 18. a4 Bxg2 19. Kxg2 Rf7 20. f3 h5 21. Qe1 g5 22. h3 fxg3 23. Qxg3 Bh6 24. h4 Kh7 25. Qh3 g4 26. fxg4 hxg4 27. Rxf7+ Qxf7 28. Qh1 Rf8 29. Rf1 Bf4 30. Kg1 Kh6 31. Kg2 Kh5 32. Qg1 Qd7 33. Nxf4+ exf4 34. Qxd4 Qf5 35. Qxd6 f3+ 36. exf3 gxf3+ 37. Kf2 Re8 38. Qd5 Re2+ 39. Kg1 Qxd5 40. cxd5 Kg4 41. Kh1 Rd2 42. d4 Rxd4 43. h5 Kg3 44. Rg1+ Kf2 0-1

[Event "Mumbai Mayors Cup 1st"]
[Site "Mumbai"]
[Date "2008.05.12"]
[Round "2"]
[White "Aravind, Subramanian N"]
[Black "Thejkumar, MS."]
[Result "0-1"]
[WhiteElo "2099"]
[BlackElo "2414"]
[PlyCount "136"]
[EventDate "2008.05.11"]
[EventType "swiss"]
[EventRounds "11"]
[EventCountry "IND"]
[SourceTitle "CBM 124 Extra"]
[Source "ChessBase"]
[SourceDate "2008.07.03"]
[SourceVersion "1"]
[SourceVersionDate "2008.07.03"]
[SourceQuality "1"]

1. c4 e6 2. Nc3 d5 3. d4 Be7 4. Nf3 Nf6 5. cxd5 exd5 6. Bg5 c6 7. e3 0-0 8. h3 Bf5 9. Bd3 Ne4 10. Bxe7 Qxe7 11. 0-0 Nd7 12. Qc2 Bg6 13. Bxe4 dxe4 14. Nd2 Rfe8 15. Rac1 Nb6 16. Na4 Nd5 17. Qb3 Bf5 18. Nc3 Rad8 19. Nxd5 Rxd5 20. Rc5 Rxc5 21. dxc5 h5 22. Qc2 Qg5 23. Kh2 Re6 24. Qd1 Rg6 25. Rg1 Qf6 26. Qc2 Qe5+ 27. Kh1 Qe6 28. Kh2 Qxa2 29. Nc4 Be6 30. Nd6 Qd5 31. b4 Qe5+ 32. Kh1 f5 33. Nxb7 f4 34. exf4 Qxf4 35. f3 Qg3 36. Qxe4 Bxh3 37. Qe2 Be6 38. Rd1 Qh4+ 39. Kg1 Qxb4 40. Qe4 Qxe4 41. fxe4 Rg4 42. Rd6 Rxe4 43. Rxc6 Bd5 44. Rc8+ Kh7 45. Na5 Rg4 46. Rd8 Bxg2 47. Kf2 Ra4 48. Kxg2 Rxa5 49. Rd5 Kh6 50. Kg3 Ra4 51. Rd6+ g6 52. Kf3 Rc4 53. c6 a5 54. Ke3 a4 55. Kd3 Rc1 56. Kd2 Rc5 57. Rd4 Rxc6 58. Rxa4 Re6 59. Rc4 g5 60. Rc8 g4 61. Rg8 Rg6 62. Rh8+ Kg5 63. Ke3 Rf6 64. Ra8 g3 65. Ra5+ Kg4 66. Ke4 g2 67. Ra8 Rg6 68. Ra1 Kh3 0-1

[Event "Tamil Nadu State-ch 54th"]
[Site "Chennai"]
[Date "2006.05.29"]
[Round "10"]
[White "Shyam, Nikil P"]
[Black "Aravind, Subramanian N"]
[Result "1-0"]
[WhiteElo "2140"]
[BlackElo "1989"]
[PlyCount "101"]
[EventDate "2006.05.20"]
[EventType "swiss"]
[EventRounds "11"]
[EventCountry "IND"]
[SourceTitle "EXT 2010"]
[Source "ChessBase"]
[SourceDate "2010.11.25"]
[SourceVersion "1"]
[SourceVersionDate "2010.11.25"]
[SourceQuality "1"]

1. e4 c6 2. d4 d5 3. e5 c5 4. c3 Nc6 5. Be3 cxd4 6. cxd4 Qb6 7. Qd2 e6 8. Nc3 Nge7 9. Bd3 Nb4 10. Bb1 Ng6 11. Nge2 Be7 12. f4 0-0 13. 0-0 f5 14. a3 Nc6 15. b4 Qd8 16. Nc1 b6 17. Qe2 Qc7 18. N1a2 Nh8 19. Bd3 Bb7 20. g4 g6 21. h3 Nf7 22. gxf5 gxf5 23. Kh2 Kh8 24. Qh5 a5 25. b5 Na7 26. a4 Ba3 27. Rab1 Rg8 28. Rb3 Bf8 29. Ne2 Rg6 30. Rg1 Rxg1 31. Nxg1 Rc8 32. Nf3 Bb4 33. Nxb4 axb4 34. Bd2 Rg8 35. Rxb4 Rg6 36. Qh4 Rh6 37. Qf2 Nc8 38. Rb1 Ne7 39. Rc1 Qd8 40. Bc3 Ng6 41. Qg3 Nf8 42. Bd2 Nd7 43. Ng5 Nxg5 44. Qxg5 Qf8 45. Rc7 Rg6 46. Qh4 Bc8 47. Qe1 Qg8 48. Bf1 Nf8 49. Rxc8 Qf7 50. Bb4 Rg8 51. Qh4 1-0